Die Gemeindebetriebe in Den Städten, Kreisen und Landgemeinden des Oberschlesischen Industriebezirks : Gemeindebetriebe - Neuere Versuche und Erfahrungen über Die Ausdehnung der Kommunalen Tätigkeit in Deutschland und Im Ausland. II. Band, 10. Teil. Im Auftr. des Ver. Für Socialpol. Hrsg. Von Carl J. Fuchs. (Schriften des Vereins Für Socialpolitik 129-X).

Bibliographic Details
Main Author: Fuchs, Carl Johannes.
Other Authors: Lücker, Heinrich.
Format: eBook
Language:German
Published: Berlin : Duncker & Humblot, 2014.
Edition:1st ed.
Series:Duncker and Humblot Reprints Series
Subjects:
Online Access:Click to View
LEADER 03052nam a22003973i 4500
001 EBC7101329
003 MiAaPQ
005 20240729202204.0
006 m o d |
007 cr cnu||||||||
008 240729s2014 xx o ||||0 ger d
020 |a 9783428573943  |q (electronic bk.) 
020 |z 9783428173945 
035 |a (MiAaPQ)EBC7101329 
035 |a (Au-PeEL)EBL7101329 
035 |a (OCoLC)1347025637 
040 |a MiAaPQ  |b eng  |e rda  |e pn  |c MiAaPQ  |d MiAaPQ 
100 1 |a Fuchs, Carl Johannes. 
245 1 4 |a Die Gemeindebetriebe in Den Städten, Kreisen und Landgemeinden des Oberschlesischen Industriebezirks :  |b Gemeindebetriebe - Neuere Versuche und Erfahrungen über Die Ausdehnung der Kommunalen Tätigkeit in Deutschland und Im Ausland. II. Band, 10. Teil. Im Auftr. des Ver. Für Socialpol. Hrsg. Von Carl J. Fuchs. (Schriften des Vereins Für Socialpolitik 129-X). 
250 |a 1st ed. 
264 1 |a Berlin :  |b Duncker & Humblot,  |c 2014. 
264 4 |c {copy}1910. 
300 |a 1 online resource (92 pages) 
336 |a text  |b txt  |2 rdacontent 
337 |a computer  |b c  |2 rdamedia 
338 |a online resource  |b cr  |2 rdacarrier 
490 1 |a Duncker and Humblot Reprints Series 
505 0 |a Intro -- Vorwort -- Inhalt -- I. Wirtschaftliche und kommunale Verhältnisse des Industriebezirks -- II. Die Träger des Munizipalsozialismus -- III. Das System des Munizipalsozialismus -- a) Betriebe zur Befriedigung des Konsums -- 1. Gaswerke -- 2. Wasserversorgung -- 3. Elektrizitätsversorgung -- 4. Märkte, Markthallen -- b) Betriebe zur Befriedigung des Kredits -- 5. Sparkassen -- 6. Kreisbanken -- 7. Leihhäuser -- c) Betriebe im Dienste des Verkehrs -- 8. Kleinbahnen -- d) Betriebe im Dienste der Gesundheitspflege -- 9. Schlachthöfe -- 10. Kanäle, Müllverbrennung -- e) Betriebe im Dienste der Polizei und der öffentlichen Sicherheit -- 11. Kommunale Wach- und Schließanstalten -- 12. Polizeibauämter -- f) Betriebe zur Förderung der Landwirtschaft -- 13. Betriebe zur Hebung der Viehzucht -- 14. Kreisbaumschule -- 15. Kreisviehversicherung -- g) Betriebe im Dienste der Kunst und der Volksbildung -- 16. Theater, Volksheime -- h) Grundeigentum -- 17. Bodenpolitik -- 18. Parkanlagen -- IV. Die finanzielle Bedeutung der Gemeindebetriebe -- V. Schluß. Rückblick. 
588 |a Description based on publisher supplied metadata and other sources. 
590 |a Electronic reproduction. Ann Arbor, Michigan : ProQuest Ebook Central, 2024. Available via World Wide Web. Access may be limited to ProQuest Ebook Central affiliated libraries.  
655 4 |a Electronic books. 
700 1 |a Lücker, Heinrich. 
776 0 8 |i Print version:  |a Fuchs, Carl Johannes  |t Die Gemeindebetriebe in Den Städten, Kreisen und Landgemeinden des Oberschlesischen Industriebezirks  |d Berlin : Duncker & Humblot,c2014  |z 9783428173945 
797 2 |a ProQuest (Firm) 
830 0 |a Duncker and Humblot Reprints Series 
856 4 0 |u https://ebookcentral.proquest.com/lib/matrademy/detail.action?docID=7101329  |z Click to View